UKURAN tanah

Bibliographic Details
Format: Book
Published: Kuala Lumpur : Jabatan Perhutanan , 1980
Subjects:

MARC

LEADER 00000cam a2200000 7i4500
001 0000001744
005 20040225.0
090 0 0 |a JPSM333.08   |b UKU 1980 
245 0 0 |a UKURAN tanah 
260 0 0 |a Kuala Lumpur :   |b Jabatan Perhutanan ,   |c 1980 
300 |a vii, 241 p. :   |b ill. ;   |c 26 cm. 
650 0 0 |a Land 
650 0 0 |a Surveying 
998 |a JPSM 
999 |a 0000002725   |b Monograph   |c Open Shelf   |e Default branch 
999 |a 0000003377   |b Monograph   |c Open Shelf   |e Default branch 
999 |a 0000004351   |b Monograph   |c Open Shelf   |e Default branch